000 00571nam a22001817a 4500
005 20250916081702.0
008 250904b |||||||| |||| 00| 0 eng d
020 _a9781266716959
082 _aDC 515 M110 2025
100 _aMa, William.
_967260
245 _a5 steps to a 5 AP calculus AB /
_cWilliam Ma and Emily Pillar.
260 _aNew York :
_bMc Graw Hill LLC,
_c©2025.
300 _axviii, 411 pages :
_billustrations ;
_c27 cm.
500 _aIncludes bibliography.
650 0 _aCalculus
_967478
700 _aPillar, Emily.
_967261
_eauthor.
942 _2ddc
_cDC
999 _c23674
_d23674